Dzielnice Warszawy - Statystyki

Ogólne statystyki
  • Ten quiz został rozwiązany 34 razy
  • Średni wynik to 12 z 18
Statystyki odpowiedzi
Odpowiedź % Poprawnych
5 Praga Północ
100%
6 Praga Południe
100%
12 Mokotów
81%
18 Śródmieście
81%
14 Wola
81%
13 Żoliborz
78%
2 Bielany
74%
10 Ursynów
74%
11 Ursus
67%
1 Białołęka
63%
9 Wilanów
63%
17 Włochy
63%
15 Ochota
59%
16 Bemowo
56%
3 Targówek
56%
7 Wawer
52%
4 Rembertów
48%
8 Wesoła
41%
Nie znaleziono quizów pasujących do podanych kryteriów
Rozkład punktacji
Procent ludzi z każdym wynikiem
Percentyl według liczby udzielonych odpowiedzi
Twoja historia wyników
Nie rozwiązałeś tego quizu